| 000 | 00365nam a2200157Ia 4500 | ||
|---|---|---|---|
| 008 | 210210b1950 xxu||||| |||| 00| 0 eng d | ||
| 041 | _aeng | ||
| 082 | _a829/207 | ||
| 100 | _aCROMPTON (R) | ||
| 245 | _aStill William | ||
| 260 |
_aLondon _bGeorge Newnes Limited _c1950 |
||
| 650 | _aWilliam | ||
| 650 | _aStill | ||
| 690 | _aEnglish Fiction | ||
| 906 | _a016814 | ||
| 999 |
_c136510 _d136510 |
||